000 00363nam a2200157Ia 4500
100 _aDubey / G.K.
650 _aElectrical Engineering
942 _cBK
654 _aElectrical Drives
245 _aFundamentals of electrical Drives
260 _bNarosa Pub
_aNew Delhi
_c1995
082 _a621.317
_bPAN
300 _a688
546 _aENGLISH
999 _c35316
_d35316